<?xml version="1.0" encoding="UTF-8"?>
<record
    xmlns:xsi="http://www.w3.org/2001/XMLSchema-instance"
    xsi:schemaLocation="http://www.loc.gov/MARC21/slim http://www.loc.gov/standards/marcxml/schema/MARC21slim.xsd"
    xmlns="http://www.loc.gov/MARC21/slim">

  <leader>00611nam a22002297a 4500</leader>
  <controlfield tag="003">UA-OsUOA</controlfield>
  <controlfield tag="001"> 37866 </controlfield>
  <controlfield tag="007">ta</controlfield>
  <controlfield tag="008">20060412b un ||||| |||| 00| 0 ukr d</controlfield>
  <datafield tag="090" ind1=" " ind2=" ">
    <subfield code="a">(038)33=111</subfield>
    <subfield code="b">&#x413;54</subfield>
  </datafield>
  <datafield tag="942" ind1=" " ind2=" ">
    <subfield code="c">BK</subfield>
  </datafield>
  <datafield tag="040" ind1=" " ind2=" ">
    <subfield code="a">UA-OsUOA</subfield>
    <subfield code="b">ukr</subfield>
    <subfield code="c">UA-OsUOA</subfield>
    <subfield code="d">UA-OsUOA</subfield>
  </datafield>
  <datafield tag="245" ind1=" " ind2=" ">
    <subfield code="a">&#x413;&#x43B;&#x43E;&#x441;&#x441;&#x430;&#x440;&#x438;&#x439; &#x43C;&#x430;&#x440;&#x43A;&#x435;&#x442;&#x438;&#x43D;&#x433;&#x43E;&#x432;&#x44B;&#x445; &#x442;&#x435;&#x440;&#x43C;&#x438;&#x43D;&#x43E;&#x432;: &#x41E;&#x43A;. 2500 &#x442;&#x435;&#x440;&#x43C;&#x438;&#x43D;&#x43E;&#x432;</subfield>
    <subfield code="b">&#x423;&#x447;&#x435;&#x431;. &#x43F;&#x43E;&#x441;&#x43E;&#x431;&#x438;&#x435;</subfield>
  </datafield>
  <datafield tag="300" ind1=" " ind2=" ">
    <subfield code="a">240 &#x441;.</subfield>
  </datafield>
  <datafield tag="955" ind1=" " ind2=" ">
    <subfield code="a">2</subfield>
  </datafield>
  <datafield tag="041" ind1=" " ind2=" ">
    <subfield code="a">ukr</subfield>
  </datafield>
  <datafield tag="080" ind1=" " ind2=" ">
    <subfield code="a">(038)33=111</subfield>
  </datafield>
  <datafield tag="020" ind1=" " ind2=" ">
    <subfield code="a">966-8558-09-&#x425;</subfield>
  </datafield>
  <datafield tag="260" ind1=" " ind2=" ">
    <subfield code="a">&#x425;.</subfield>
    <subfield code="b">&#x418;&#x437;&#x434;-&#x432;&#x43E; &#x41D;&#x423;&#x410;</subfield>
    <subfield code="c">2004</subfield>
  </datafield>
  <datafield tag="650" ind1=" " ind2="7">
    <subfield code="2">UDC</subfield>
  </datafield>
  <datafield tag="999" ind1=" " ind2=" ">
    <subfield code="c">324015</subfield>
    <subfield code="d">324015</subfield>
  </datafield>
  <datafield tag="952" ind1=" " ind2=" ">
    <subfield code="0">0</subfield>
    <subfield code="1">0</subfield>
    <subfield code="2">udc</subfield>
    <subfield code="4">0</subfield>
    <subfield code="7">0</subfield>
    <subfield code="a">101</subfield>
    <subfield code="b">101</subfield>
    <subfield code="d">2006-04-12</subfield>
    <subfield code="e">34/2006</subfield>
    <subfield code="g">9.00</subfield>
    <subfield code="i">95708</subfield>
    <subfield code="l">0</subfield>
    <subfield code="o">(038)33=111 &#x413;54</subfield>
    <subfield code="p">95708</subfield>
    <subfield code="r">2022-02-09 00:00:00</subfield>
    <subfield code="w">2006-04-12</subfield>
    <subfield code="y">BK</subfield>
  </datafield>
</record>
